| 000 | 00634nam a2200181 i 4500 | ||
|---|---|---|---|
| 001 | 112406 | ||
| 003 | ES-MaACL | ||
| 005 | 20230906185525.0 | ||
| 007 | t| | ||
| 008 | 061121s1962 sp r ||||1| spa d | ||
| 100 | 1 |
_aMuñoz Goyanes, Guillermo. _984432 |
|
| 245 | 1 | 0 |
_aParques nacionales españoles / _cpor Guillermo Muñoz Goyanes. |
| 260 |
_aMadrid : _bDirección General de Montes, Caza y Pesca Fluvial, _c1962. |
||
| 300 |
_a189 p. : _bil ; _c25 cm. |
||
| 650 | 0 | 4 |
_aParques nacionales- _zEspaña. _915847 |
| 710 | 1 |
_aEspaña. _bDirección General de Montes, Caza y Pesca Fluvial. _93758 |
|
| 852 |
_aES-MaACL _jL-6224 _bR.107047 |
||
| 999 |
_c112406 _d112406 |
||